| 000 | 00378nam a2200145Ia 4500 | ||
|---|---|---|---|
| 005 | 20250729165754.0 | ||
| 008 | 250729s2016 xx 000 0 und d | ||
| 041 | _aeng | ||
| 082 | _a930.25 KARK | ||
| 100 |
_aKarnataka State Syllabus _9232649 |
||
| 245 | _aKarnataka State | ||
| 260 |
_aBangalore _bKarnataka State Syllabus _c2016 |
||
| 300 | _a25p | ||
| 650 |
_aHistory _9232650 |
||
| 999 |
_c239888 _d239888 |
||